Normal view
MARC view
- Questionnaires
Entry Topical Term
001 - CONTROL NUMBER
- control field: 4800
003 - CONTROL NUMBER IDENTIFIER
- control field: OSt
005 - DATE AND TIME OF LATEST TRANSACTION
- control field: 20101217112120.0
008 - FIXED-LENGTH DATA ELEMENTS
- fixed length control field: 101217|||a|||||| | ||| d
040 ## - CATALOGING SOURCE
- Original cataloging agency: OSt
- Transcribing agency: OSt
150 ## - HEADING--TOPICAL TERM
- Topical term or geographic name as entry element: Questionnaires
670 ## - SOURCE DATA FOUND
- Source citation: Work cat.: (OSt): Saravanavel, P. 4799, Research methodology
670 ## - SOURCE DATA FOUND
- Source citation: Work cat.: (OSt): Saravanavel, P. 4799, Research methodology
